000 01083pam a22003134a 4500
008
020 _a9781437702859 (hardback)
040 _aNUST
_cNUST
049 _aMAIN
090 _aRC685.A65
_bELE
245 0 0 _aElectrophysiological disorders of the heart /
_c[editors] Sanjeev Saksena, A. John Camm.
250 _aSecond edition.
260 _aPhiladelphia :
_bElsevier Churchill Livingstone,
_cc2005.
300 _axxix, 1458 pages :
_billustrations (some colour) ;
_c28 cm.
500 _aIncludes index.
504 _aIncludes bibliographical references.
650 0 _aArrhythmia.
650 1 2 _aArrhythmias, Cardiac
_xdiagnosis.
650 1 2 _aArrhythmias, Cardiac
_xphysiopathology.
650 1 2 _aArrhythmias, Cardiac
_xtherapy.
650 2 2 _aElectrocardiography.
650 2 2 _aElectrophysiologic Techniques, Cardiac.
700 1 _aSaksena, Sanjeev.,
_aeditor.
700 _aCamm, A John.,
_aeditor.
907 _a.b1038280x
_b08-06-21
_c19-09-17
003
005 20230123122256.0
942 _cBOOKS
_kRC685.A65
_mELE
999 _c130853
_d130853